| 000 | 00936cab a2200253 4500 | ||
|---|---|---|---|
| 001 | ABS46441 | ||
| 008 | 090401t1992 xxu||||| |||| 00| 0 eng d | ||
| 035 | _a(Sirsi) u58246 | ||
| 041 | _aeng | ||
| 100 | _aGraham, T. | ||
| 245 | _aBearing the burden of proof | ||
| 260 | _c1992 | ||
| 350 | _a0 | ||
| 490 |
_aLaw Society`s Gazette _v89(17) 6 May 1992, 20-23(2) |
||
| 520 | _aArgues for consistancy in law between planning appeals and enforcement notice appeals over the onus on authorities to provide proof, challenging the principles which led to the decision in "Nelsovil v Minister of Housing and Local Government". | ||
| 650 | _aAPPEALS | ||
| 650 | _aCRANFORD HALL PARKING V SOS FOR THE ENVIRONMENT / HOUNSLOW | ||
| 650 | _aENFORCEMENT NOTICES | ||
| 650 | _aPRESUMPTION IN FAVOUR | ||
| 650 | _aTOWN AND COUNTRY PLANNING ACT 1990 S174(2) | ||
| 690 | _aPLANNING LAW AND PRACTICE | ||
| 942 | _n0 | ||
| 948 | _c04/03/1997 | ||
| 999 |
_c35540 _d35540 |
||